00000000nam 2200000za 4500
0019.822627
003CaOODSP
00520250130150135
007cr |||||||||||
008160815r20142013oncao|| o    f000 0 som d
040 |aCaOODSP|beng
043 |an-cn---
0861 |aCi44-19/2014Som-PDF
24500|a[Privately Sponsored Refugee resettlement in Canada |h[electronic resource] : |binformation bulletin].
24634|iCover title: |aQaxootiga gaarka loo isboonsaray dib u dajin Kanada - qodobada wararka 2013
250 |a[Somali edition].
260 |a[Ottawa] : |bCitizenship and Immigration Canada, |c2014.
300 |a8 p. : |bcol. ill.
500 |a"Somali."
500 |a"PSR."
500 |aSupplied English title from publisher. Title on cover: Qaxootiga gaarka loo isboonsaray dib u dajin Kanada - qodobada wararka 2013.
500 |aIssued also in French, Amhari, Arabic, Dari, Farsi, Nepali, Oromo, Spanish, Swahili and Tigrinya.
500 |aIssued also in English under title: Privately Sponsored Refugee resettlement in Canada: information bulletin.
5200 |aThis bulletin, written in Somali, provides information about the steps in the resettlement process once a Privately Sponsored Refugee (PSR) has been accepted, and gives more information about Canada. Includes information on resettling the family, immigration status, where to live in Canada, Canadian society, sponsoring the family, finding a job, expenses, school, dental care, food and water, religion, and weather.
546 |aText in Somali.
69207|2gccst|aRefugees
69207|2gccst|aImmigrants
69207|2gccst|aFederal programs
7101 |aCanada. |bCitizenship and Immigration Canada.
77508|tPrivately Sponsored Refugee resettlement in Canada |w(CaOODSP)9.822304
792 |t[Réfugiés parrainés par le secteur privé, réinstallation des réfugiés au Canada |efre|w(CaOODSP)9.822629
794 |t[Privately Sponsored Refugee Program] : |b2019|w(CaOODSP)9.880376
85640|qPDF|s1.09 MB|uhttps://publications.gc.ca/collections/collection_2016/ircc/Ci44-19-2014-som.pdf